000 01602cam a22003138a 4500
005 20100715161929.0
008 100708s2010 ii b 001 0 eng
010 _aENG-101762
020 _a9788132105046
_c695.00
035 _aEN-85295
037 _bDBAD/PUB
040 _adpl
_bEng
082 0 0 _a320.6091724
_222
100 1 _aHaan, Arjan de
_924593
245 1 0 _aTowards a new poverty agenda in Asia :
_bsocial policies and economic transformation /
_cby Arjan De Haan
260 _aNew Delhi
_bSage Publications
_c2010
270 _aBI-1 Mohan Cooperative Industrial Area , Mathura Road
_bNew Delhi
_e110044
300 _axiii,260p.
_c23cm (Hb)
500 _aIncludes bibliographical references and index.
505 0 _aWhy social policy matters -- Globalization: all boats rising or growing divides? -- Demise of the state? -- International development and social policy -- Latin America: from corporatism to liberalism -- The short era of the developmental state in Africa -- East Asia: social policy's role in economic success -- South Asian welfarism -- A normative framework for social policy.
650 0 _aSocial policy.
_924594
650 0 _aEconomic development.
_91374
650 0 _aPoverty.
_924595
651 0 _aAsia
_xSocial policy.
_924596
651 0 _aDeveloping countries
_xSocial policy.
_924597
942 _2ddc
_cEN
_h320.6091724
_mHAA
999 _c48976
_d48976